| 000 | 00610nam a2200193Ia 4500 | ||
|---|---|---|---|
| 003 | GCL | ||
| 008 | 140319s9999 xx 000 0 ara d | ||
| 040 |
_aGCL / _cGCL |
||
| 082 | 0 | 4 |
_a216 _bم ا |
| 100 | 1 | _aمحمود حمدى زقزوق (مراجع) | |
| 245 | 1 | 0 |
_aالاسلام فى مراةالفكر الغربى / _cمحمود حمدى زقزوق (مراجع) |
| 260 |
_a[S.N] : _bدار الفكر العربى ، _c1994 |
||
| 300 | _a250 ص | ||
| 490 | _a | ||
| 650 | 0 | 4 | _aالاسلام |
| 650 | 0 | 4 | _aدفع المطاعن عن الاسلام |
| 650 | 0 | 4 | _aالاستشراق |
| 942 |
_2ddc _cBK |
||
| 999 |
_c32423 _d32423 |
||